| 000 | 00477nam a22001937a 4500 | ||
|---|---|---|---|
| 003 | MPLRDC | ||
| 005 | 20220104114019.0 | ||
| 008 | 210129b ||||| |||| 00| 0 eng d | ||
| 020 | _a957-560-246-3 | ||
| 082 | _a855 JGWK v.12 | ||
| 100 | _a简贞编 | ||
| 245 |
_a八十一年散文选 _c |
||
| 250 | _a初版三印 | ||
| 260 |
_a _b九歌出版社 _c1993 |
||
| 300 | _b平 | ||
| 490 | _a九歌文库;354 | ||
| 650 | _a散文;随笔、日记 | ||
| 942 |
_cBK _o855 JGWK v.12 |
||
| 999 |
_c4126 _d4116 |
||